[Event "FRA T II 20102011"]
[Site "FRA"]
[Date "2010.11.14"]
[Round "3.8"]
[White "Miller, Sophie"]
[Black "Sobucki, Isabelle"]
[Result "1/2-1/2"]
[WhiteElo "1635"]
[BlackElo "1320"]
[PlyCount "127"]
[EventDate "2010.11.13"]
[EventType "team-match"]
[EventRounds "9"]
[EventCountry "FRA"]
[Source "FFE"]
[SourceDate "2010.10.29"]

1. d4 d5 2. Nf3 Nf6 3. e3 g6 4. b3 Bg7 5. Bb2 O-O 6. Nbd2 c6 7. Bd3 Qc7 8. O-O
Na6 9. a3 Bd7 10. Ne5 Be6 11. f4 Bh6 12. g4 Nd7 13. Qe2 Nxe5 14. dxe5 Nc5 15.
f5 Nxd3 16. cxd3 Bd7 17. h4 Bg7 18. d4 Rac8 19. Qg2 b5 20. b4 Be8 21. Nb3 f6
22. e6 gxf5 23. gxf5 Bh5 24. Rac1 Kh8 25. Qh2 Qd8 26. Na5 Bh6 27. Qf2 Rg8+ 28.
Kh1 Rg4 29. Rce1 Qd6 30. Nb7 Qg3 31. Qxg3 Rxg3 32. Bc1 Rh3+ 33. Kg2 Rxh4 34.
Rh1 Rg8+ 35. Kf2 Rgg4 36. Reg1 Rxg1 37. Rxg1 Rh2+ 38. Rg2 Rxg2+ 39. Kxg2 Bd1
40. Kg3 Bg5 41. Na5 h5 42. Nxc6 h4+ 43. Kh3 Bc2 44. Nxe7 Kg7 45. Bd2 Kf8 46.
Nxd5 Bxf5+ 47. Kh2 Bxe6 48. Nc7 Bd7 49. Nd5 Kf7 50. Be1 Ke6 51. Nf4+ Kd6 52.
Bf2 f5 53. Kh3 Bc8 54. Bxh4 Bxf4 55. exf4 Kd5 56. Bf2 a6 57. Kg3 Ke4 58. Bg1
Bd7 59. Bf2 Kd5 60. Kf3 Kc4 61. Ke3 Kb3 62. Kd3 Kxa3 63. Kc3 Ka4 64. d5 1/2-1/2

[Event "FRA T II 20102011"]
[Site "FRA"]
[Date "2010.11.13"]
[Round "2.3"]
[White "Guilleux, Fabien"]
[Black "Fossier, Francois"]
[Result "1-0"]
[WhiteElo "2390"]
[BlackElo "2241"]
[PlyCount "126"]
[EventDate "2010.11.13"]
[EventType "team-match"]
[EventRounds "9"]
[EventCountry "FRA"]
[Source "FFE"]
[SourceDate "2010.10.29"]

1. d4 d6 2. e4 Nf6 3. Nc3 c6 4. f4 g6 5. Nf3 Bg7 6. Bd3 O-O 7. O-O Bg4 8. Be3
Qb6 9. e5 Nd5 10. Nxd5 cxd5 11. h3 Bxf3 12. Qxf3 Nc6 13. c3 Qxb2 14. Rfc1 Qa3
15. Qxd5 Nb4 16. cxb4 Qxd3 17. Bf2 dxe5 18. fxe5 Rad8 19. Qxb7 Rxd4 20. Qxe7
Rd7 21. Qg5 f6 22. Qg4 f5 23. Qf4 Re8 24. Rc5 Qe2 25. Bg3 Bh6 26. Qc4+ Qxc4 27.
Rxc4 Be3+ 28. Kh1 g5 29. Bh2 f4 30. g3 Rd4 31. Rxd4 Bxd4 32. Rd1 Be3 33. gxf4
gxf4 34. Kg2 Rxe5 35. Kf3 Rb5 36. a3 a5 37. Rb1 Bd2 38. Ke2 Be3 39. Kf3 Bd2 40.
Ke2 Be3 41. Bg1 axb4 42. axb4 Bxg1 43. Rxg1+ Kf7 44. Rb1 Ke6 45. Kf3 Kf5 46.
Rb2 Re5 47. b5 Re3+ 48. Kg2 Rg3+ 49. Kh2 Ke4 50. b6 Rg8 51. b7 Rb8 52. Kg2 Ke3
53. Kf1 Kd4 54. Kf2 Ke5 55. Kf3 Ke6 56. Kxf4 Ke7 57. Kg5 Rg8+ 58. Kh6 Kf8 59.
Kxh7 Rg3 60. h4 Rg4 61. h5 Rg5 62. h6 Rg1 63. Rb6 Rd1 1-0

[Event "FRA T II 20102011"]
[Site "FRA"]
[Date "2010.11.14"]
[Round "3.3"]
[White "Stevens, Christian"]
[Black "Ricroque, Jean Pierre"]
[Result "1/2-1/2"]
[WhiteElo "2095"]
[BlackElo "2066"]
[PlyCount "125"]
[EventDate "2010.11.13"]
[EventType "team-match"]
[EventRounds "9"]
[EventCountry "FRA"]
[Source "FFE"]
[SourceDate "2010.10.29"]

1. e4 c5 2. Nc3 d6 3. g3 g6 4. Bg2 Bg7 5. d3 Nc6 6. f4 e6 7. Nf3 Nge7 8. O-O
Rb8 9. Be3 Nd4 10. Rb1 b5 11. Ne2 Nec6 12. c3 Nxe2+ 13. Qxe2 b4 14. d4 Qa5 15.
Qd2 O-O 16. e5 Qxa2 17. exd6 bxc3 18. bxc3 Qxd2 19. Nxd2 Rxb1 20. Rxb1 cxd4 21.
Bxc6 dxe3 22. Nc4 Bxc3 23. Nxe3 Bd4 24. Kf2 Bc5 25. d7 Ba6 26. Ra1 Bc8 27.
dxc8=Q Rxc8 28. Be4 f5 29. Bd3 Rd8 30. Ke2 Rb8 31. Nc4 Rb3 32. Rb1 Rc3 33. Kd2
Bd4 34. Rb8+ Kg7 35. Rd8 Bf6 36. Rd7+ Kh6 37. Rxa7 Rb3 38. Ra6 Bd4 39. Rd6 Bg1
40. Rxe6 Bxh2 41. Re3 Bg1 42. Re2 Bc5 43. Ne5 Ra3 44. Rg2 Kg7 45. Ke2 Bd4 46.
Nf3 Bb6 47. Nd2 Ra2 48. Bb1 Rb2 49. Kd3 Ba5 50. Bc2 Rb8 51. Nc4 Rd8+ 52. Ke2
Rc8 53. Nxa5 Rxc2+ 54. Kf3 Rc3+ 55. Kf2 h6 56. Rg1 g5 57. Re1 Kg6 58. Re3 Rc2+
59. Re2 Rc3 60. Nb7 Kh5 61. Nd6 gxf4 62. Nxf5 fxg3+ 63. Nxg3+ 1/2-1/2

[Event "FRA T II 20102011"]
[Site "FRA"]
[Date "2010.11.14"]
[Round "3.7"]
[White "Beranger, Nicolas"]
[Black "Waquet, Frederic"]
[Result "1-0"]
[WhiteElo "2110"]
[BlackElo "1982"]
[PlyCount "123"]
[EventDate "2010.11.13"]
[EventType "team-match"]
[EventRounds "9"]
[EventCountry "FRA"]
[Source "FFE"]
[SourceDate "2010.10.29"]

1. e4 e6 2. d4 d5 3. Nd2 Nf6 4. e5 Nfd7 5. Bd3 c5 6. c3 b6 7. Ne2 Ba6 8. Bb1
Nc6 9. Nf3 Rc8 10. O-O Qc7 11. Re1 cxd4 12. cxd4 Nb4 13. Nc3 h6 14. Bf4 Be7 15.
Qd2 Qc4 16. Rd1 Qc7 17. h4 Bc4 18. h5 a5 19. Qe3 Qa7 20. Nd2 Ba6 21. Qg3 Kf8
22. Qf3 Nb8 23. Nf1 Qd7 24. Ne3 Bb7 25. Ng4 b5 26. Be3 Ke8 27. a3 N4a6 28. Bd3
Nc7 29. Ne2 Nc6 30. Nf4 Nd8 31. Rac1 Bc6 32. Ng6 Rg8 33. Nxe7 Qxe7 34. Bxh6
gxh6 35. Nf6+ Kf8 36. Nxg8 Kxg8 37. Bb1 Qg5 38. Rc3 Kf8 39. Rdc1 Ne8 40. Qd1
Ke7 41. Rg3 Qh4 42. Rcc3 Kd7 43. Rg4 Qe7 44. Qd2 b4 45. Rcg3 Bb5 46. Qxh6 Be2
47. Rg8 Rc4 48. Qd2 Bxh5 49. Bd3 Rc7 50. Bb5+ Nc6 51. Rh3 Bg6 52. Rhh8 Rc8 53.
Qc1 bxa3 54. bxa3 Bd3 55. Rxe8 Bxb5 56. Rxe7+ Nxe7 57. Rxc8 Nxc8 58. Qc5 Bc4
59. Qxa5 Kc6 60. Qc5+ Kb7 61. Qf8 Kb8 62. a4 1-0

[Event "FRA T II 20102011"]
[Site "FRA"]
[Date "2010.10.17"]
[Round "1.6"]
[White "Polard, Gaetan"]
[Black "Levaux, Christian"]
[Result "1-0"]
[WhiteElo "2218"]
[BlackElo "2127"]
[PlyCount "119"]
[EventDate "2010.11.13"]
[EventType "team-match"]
[EventRounds "9"]
[EventCountry "FRA"]
[Source "FFE"]
[SourceDate "2010.10.29"]

1. e4 e6 2. d4 d5 3. Nc3 Bb4 4. e5 b6 5. a3 Bf8 6. Bb5+ c6 7. Ba4 Ne7 8. Nce2
Nf5 9. Nf3 Nh4 10. Nxh4 Qxh4 11. O-O g6 12. Be3 Bb7 13. Qd2 Qd8 14. Bg5 Be7 15.
Bh6 Rg8 16. c3 Nd7 17. Rfe1 a5 18. Bc2 a4 19. Nf4 Bf8 20. Nh3 Bxh6 21. Qxh6 Nf8
22. Ng5 Qe7 23. Re3 f5 24. exf6 Qxf6 25. Nxh7 Nxh7 26. Qxh7 O-O-O 27. Qh3 Rde8
28. Rae1 Kd7 29. Bd1 Bc8 30. Qg3 Rg7 31. Bxa4 g5 32. Bd1 Qf4 33. Bg4 Kd6 34.
Rf3 Qxg3 35. Rxg3 Rf8 36. Rge3 Rf6 37. g3 b5 38. Kg2 Bd7 39. Rf3 Rh6 40. Rf8
Ke7 41. Rf3 Be8 42. Rfe3 Bf7 43. h3 Kd6 44. f4 gxf4 45. gxf4 Rf6 46. Kg3 Bg8
47. Re5 c5 48. dxc5+ Kxc5 49. Rg5 Rgg6 50. h4 Bf7 51. Rxg6 Rxg6 52. h5 Rf6 53.
Be2 Be8 54. Rh1 d4 55. h6 Rg6+ 56. Bg4 Rg8 57. h7 Rh8 58. Bxe6 d3 59. Kf2 Bg6
60. Bg8 1-0

[Event "FRA T II 20102011"]
[Site "FRA"]
[Date "2010.11.14"]
[Round "3.8"]
[White "Lebret, Loriane"]
[Black "Perrusset, Barbara"]
[Result "0-1"]
[WhiteElo "1629"]
[BlackElo "1862"]
[PlyCount "118"]
[EventDate "2010.11.13"]
[EventType "team-match"]
[EventRounds "9"]
[EventCountry "FRA"]
[Source "FFE"]
[SourceDate "2010.10.29"]

1. e4 c5 2. c3 Nf6 3. e5 Nd5 4. d4 cxd4 5. cxd4 e6 6. Nf3 d6 7. Bc4 Nc6 8. O-O
Be7 9. Re1 O-O 10. h3 Qc7 11. Bxd5 exd5 12. Nc3 Be6 13. Bf4 dxe5 14. dxe5 Rad8
15. Nd4 Nxd4 16. Qxd4 Bc5 17. Qd3 Qb6 18. Qg3 Bf5 19. Na4 Qb4 20. Nxc5 Qxc5 21.
Rac1 Qb4 22. b3 d4 23. Red1 d3 24. Rd2 Rc8 25. Rcd1 Rc6 26. Rxd3 Bxd3 27. Rxd3
Rg6 28. Qe3 Rc8 29. Rd6 Re8 30. Rxg6 hxg6 31. Bg3 Qa5 32. Qe2 Qc5 33. Kh2 Qd5
34. f4 Rd8 35. Qf2 b6 36. f5 gxf5 37. Qxf5 Qd3 38. Qg4 Qd5 39. h4 Qe6 40. Qg5
Rd5 41. Qf4 Qg6 42. Qc4 Rc5 43. Qd4 Rc2 44. a4 Qc6 45. Qg1 Qd5 46. b4 Qd2 47.
Be1 Qf4+ 48. Bg3 Qxb4 49. Qd1 Qe4 50. Qf1 Qxa4 51. Qd3 Qc6 52. Qd8+ Kh7 53.
Qd3+ g6 54. Qf1 Qd5 55. h5 Qe6 56. hxg6+ Qxg6 57. Qe1 a5 58. Qd1 Qh6+ 59. Kg1
Rc1 0-1

[Event "FRA T II 20102011"]
[Site "FRA"]
[Date "2010.11.13"]
[Round "2.7"]
[White "Bolon, Karelle"]
[Black "Lam, Sophie"]
[Result "1/2-1/2"]
[WhiteElo "2125"]
[BlackElo "2091"]
[PlyCount "115"]
[EventDate "2010.11.13"]
[EventType "team-match"]
[EventRounds "9"]
[EventCountry "FRA"]
[Source "FFE"]
[SourceDate "2010.10.29"]

1. d4 Nf6 2. Bf4 g6 3. c3 Bg7 4. Nd2 d6 5. h3 Nbd7 6. Ngf3 O-O 7. e3 d5 8. Be2
c5 9. O-O b6 10. Re1 Bb7 11. Bd3 Ne4 12. Bxe4 dxe4 13. Ng5 e5 14. dxe5 Nxe5 15.
Bxe5 Qxg5 16. Bxg7 Kxg7 17. Qc2 Rfe8 18. Rad1 Rad8 19. Nc4 Rxd1 20. Rxd1 Bc6
21. Qd2 Qe7 22. b3 Kg8 23. Na3 Qe6 24. Qd6 Qxd6 25. Rxd6 Rc8 26. Nc4 Kf8 27.
Kh2 Ke7 28. Rd2 Rc7 29. Kg3 f5 30. Kf4 Bb5 31. Nb2 Ke6 32. c4 Bc6 33. Nd1 h6
34. Nc3 g5+ 35. Kg3 Ke5 36. f4+ exf3 37. gxf3 Rd7 38. Rxd7 Bxd7 39. f4+ Kf6 40.
a3 Bc6 41. Kf2 Ke6 42. Kg3 Kd6 43. a4 a6 44. Kf2 b5 45. axb5 axb5 46. cxb5 Bd7
47. e4 gxf4 48. exf5 Bxf5 49. Kf3 Bxh3 50. Kxf4 Be6 51. Ne4+ Kd5 52. b6 Bc8 53.
Nf6+ Kc6 54. Ng8 Kxb6 55. Nxh6 Kb5 56. Ke5 Kb4 57. Kd6 Bb7 58. Ng4 1/2-1/2

[Event "FRA T II 20102011"]
[Site "FRA"]
[Date "2010.10.17"]
[Round "1.5"]
[White "Lam, Sophie"]
[Black "Prevot, Emmanuel"]
[Result "0-1"]
[WhiteElo "2100"]
[BlackElo "2053"]
[PlyCount "116"]
[EventDate "2010.11.13"]
[EventType "team-match"]
[EventRounds "9"]
[EventCountry "FRA"]
[Source "FFE"]
[SourceDate "2010.10.29"]

1. e4 g6 2. d4 Bg7 3. f4 c5 4. c3 cxd4 5. cxd4 d5 6. e5 Nc6 7. Nc3 Nh6 8. Be3
O-O 9. Be2 f6 10. Bf3 e6 11. g4 Nf7 12. h4 Qb6 13. exf6 Bxf6 14. Nge2 Qxb2 15.
Rb1 Qa3 16. g5 Bg7 17. h5 Nd6 18. Rb3 Qa5 19. Qd3 Nf5 20. Rb5 Qa3 21. h6 Bh8
22. Bc1 Qd6 23. Nxd5 exd5 24. Ba3 Qd7 25. Bxd5+ Rf7 26. Bxf7+ Qxf7 27. d5 Ncd4
28. Rc5 b6 29. Rc1 Nxe2 30. Kxe2 Nd4+ 31. Ke3 Qxd5 32. Qc4 Qxc4 33. Rxc4 Ba6
34. Rcc1 Re8+ 35. Kd2 Re2+ 36. Kd1 Rxa2 37. Be7 Kf7 38. Bb4 Ne6 39. Rh3 Bd4 40.
Ra3 Rxa3 41. Bxa3 Be3 42. Ra1 Bxf4 43. Bc1 Bxc1 44. Kxc1 Nc5 45. Ra3 Ke6 46.
Re3+ Kf5 47. Re7 Kxg5 48. Rxh7 Bb7 49. Kd2 Bd5 50. Kc3 Ne4+ 51. Kd4 Nf6 52.
Rxa7 Kxh6 53. Ke5 Kg5 54. Ra3 Bc4 55. Rg3+ Ng4+ 56. Ke4 b5 57. Rg1 Be6 58. Rb1
Bf5+ 0-1

[Event "FRA T II 20102011"]
[Site "FRA"]
[Date "2010.11.14"]
[Round "3.7"]
[White "Titli, Vincent Christian"]
[Black "Loukili, Abdelillah"]
[Result "1/2-1/2"]
[WhiteElo "2134"]
[BlackElo "2089"]
[PlyCount "105"]
[EventDate "2010.11.13"]
[EventType "team-match"]
[EventRounds "9"]
[EventCountry "FRA"]
[Source "FFE"]
[SourceDate "2010.10.29"]

1. d4 Nf6 2. Bg5 Ne4 3. Bh4 c5 4. f3 Qa5+ 5. c3 Nf6 6. Bxf6 exf6 7. d5 Bd6 8.
e4 Qc7 9. g3 h5 10. Qd2 h4 11. g4 Bf4 12. Qe2 b5 13. Nh3 Bd6 14. Na3 a6 15. Nc2
b4 16. c4 Qa5 17. Qd2 Be5 18. Ne3 d6 19. Be2 Bd4 20. O-O Nd7 21. Kg2 Ne5 22.
Rfd1 Rb8 23. Nf2 h3+ 24. Nxh3 Bd7 25. Nf2 g5 26. h3 Ng6 27. Nd3 Qd8 28. Nc2 Be5
29. Rh1 Qe7 30. Nce1 Kf8 31. Nxe5 Nf4+ 32. Kf1 fxe5 33. Nd3 Ng6 34. Kf2 Qf6 35.
Rag1 Kg7 36. Ke1 Rh6 37. Qe3 Rbh8 38. Bf1 a5 39. Ke2 a4 40. Bg2 Nh4 41. Bf1 a3
42. b3 Ng6 43. Kd1 Nh4 44. Ke2 Bc8 45. Nc1 Ba6 46. Kf2 Ng6 47. Nd3 Rb8 48. Qc1
Nh4 49. Be2 Rbh8 50. Qe3 Ng6 51. Bf1 Bc8 52. Ke2 Rh4 53. Bg2 1/2-1/2

[Event "FRA T II 20102011"]
[Site "FRA"]
[Date "2010.10.17"]
[Round "1.1"]
[White "Appendino, Jerome"]
[Black "Grimberg, Gilbert"]
[Result "0-1"]
[WhiteElo "2205"]
[BlackElo "2288"]
[PlyCount "100"]
[EventDate "2010.11.13"]
[EventType "team-match"]
[EventRounds "9"]
[EventCountry "FRA"]
[Source "FFE"]
[SourceDate "2010.10.29"]

1. e4 c6 2. d4 d5 3. Nd2 dxe4 4. Nxe4 Bf5 5. Ng3 Bg6 6. Nf3 Nd7 7. h4 h6 8. h5
Bh7 9. Bd3 Bxd3 10. Qxd3 e6 11. Bf4 Qa5+ 12. Bd2 Bb4 13. c3 Be7 14. c4 Qa6 15.
O-O Ngf6 16. Ne5 Rd8 17. Qe2 c5 18. Bc3 cxd4 19. Bxd4 Nxe5 20. Bxe5 O-O 21. b3
Rd7 22. Rad1 Rfd8 23. Rxd7 Rxd7 24. Ne4 Nxe4 25. Qxe4 Qxa2 26. Qg4 Bf8 27. Ra1
Qxb3 28. Rxa7 Qd1+ 29. Qxd1 Rxd1+ 30. Kh2 f6 31. Bf4 Bc5 32. Rxb7 Bxf2 33. Bg3
Bg1+ 34. Kh3 e5 35. Rb8+ Kh7 36. Bh4 Rd7 37. Rb1 Rd3+ 38. g3 Be3 39. Rb7 Bg5
40. Rc7 f5 41. Rf7 f4 42. Kg4 Kg8 43. Rf5 Bxh4 44. Kxh4 fxg3 45. Rxe5 g2 46.
Re1 Rc3 47. Rg1 Rxc4+ 48. Kh3 Rc5 49. Kxg2 Rg5+ 50. Kf2 Rxg1 0-1

[Event "FRA T II 20102011"]
[Site "FRA"]
[Date "2010.10.17"]
[Round "1.8"]
[White "Julien, Emilie"]
[Black "Salvador, Christine"]
[Result "0-1"]
[WhiteElo "1420"]
[BlackElo "1466"]
[PlyCount "94"]
[EventDate "2010.11.13"]
[EventType "team-match"]
[EventRounds "9"]
[EventCountry "FRA"]
[Source "FFE"]
[SourceDate "2010.10.29"]

1. e4 d6 2. d4 g6 3. Nf3 Bg7 4. Nc3 Nf6 5. Be2 O-O 6. O-O Nbd7 7. Be3 Ng4 8.
Bg5 c5 9. Nd5 Ngf6 10. Nxf6+ exf6 11. Bh4 Qb6 12. Rb1 cxd4 13. Bd3 Ne5 14. Nd2
Qc7 15. c3 Nxd3 16. cxd4 Nf4 17. Rc1 Qxc1 18. Qxc1 Ne2+ 19. Kh1 Nxc1 20. Rxc1
f5 21. Be7 Re8 22. Rc7 Bf8 23. Bg5 fxe4 24. Kg1 b5 25. Nf1 d5 26. Ne3 Be6 27.
h3 Rec8 28. Rb7 Bg7 29. Rxb5 Bxd4 30. Kf1 Bxe3 31. Bxe3 Rcb8 32. Rxb8+ Rxb8 33.
Bd4 a5 34. Be5 Rb7 35. Ke2 f5 36. Ke3 Kf7 37. b3 a4 38. b4 Rxb4 39. Bd6 Rc4 40.
a3 g5 41. Be5 f4+ 42. Kd2 Kg6 43. Bd6 Kf5 44. Kd1 d4 45. Bb4 d3 46. Bd2 Rc2 47.
Bb4 Rxf2 0-1

[Event "FRA T II 20102011"]
[Site "FRA"]
[Date "2010.10.17"]
[Round "1.7"]
[White "Loukili, Abdelillah"]
[Black "Beranger, Nicolas"]
[Result "0-1"]
[WhiteElo "2089"]
[BlackElo "2110"]
[PlyCount "92"]
[EventDate "2010.11.13"]
[EventType "team-match"]
[EventRounds "9"]
[EventCountry "FRA"]
[Source "FFE"]
[SourceDate "2010.10.29"]

1. d4 Nf6 2. c4 g6 3. Nf3 Bg7 4. g3 O-O 5. Bg2 c6 6. O-O d5 7. Ne5 dxc4 8. Nxc4
Be6 9. Ne5 Bd5 10. Nf3 Ne4 11. Nc3 Nxc3 12. bxc3 Nd7 13. Qc2 Nf6 14. c4 Bxf3
15. Bxf3 Qxd4 16. Rb1 Qd7 17. Bf4 b6 18. Rfd1 Qb7 19. Qa4 Rac8 20. Rd3 Nd7 21.
Be3 Ne5 22. Ra3 Nxf3+ 23. exf3 Rc7 24. Rd1 c5 25. Rad3 Qc6 26. Qxc6 Rxc6 27.
Rd7 a6 28. Rxe7 b5 29. cxb5 axb5 30. Rb7 b4 31. Rb5 Rfc8 32. Rc1 Bc3 33. Bh6 c4
34. a3 Bb2 35. Rd1 Bxa3 36. Rbd5 Re8 37. Re5 Rcc8 38. Rb5 b3 39. Ra1 Bb2 40.
Rb1 Bd4 41. Bf4 Re2 42. Rd5 Bxf2+ 43. Kf1 Rc2 44. Bh6 Bb6 45. Rd2 Rxd2 46. Bxd2
Bd4 0-1

[Event "FRA T II 20102011"]
[Site "FRA"]
[Date "2010.10.17"]
[Round "1.8"]
[White "Warkentin, Sabine"]
[Black "Miller, Sophie"]
[Result "1-0"]
[WhiteElo "1725"]
[BlackElo "1645"]
[PlyCount "89"]
[EventDate "2010.11.13"]
[EventType "team-match"]
[EventRounds "9"]
[EventCountry "FRA"]
[Source "FFE"]
[SourceDate "2010.10.29"]

1. d4 Nf6 2. Nc3 e6 3. Bg5 Be7 4. e3 d5 5. Bd3 Nbd7 6. Nf3 b6 7. O-O Bb7 8. Ne2
c5 9. dxc5 bxc5 10. c3 O-O 11. Ng3 Ne4 12. Bxe7 Qxe7 13. Qc2 f5 14. c4 g6 15.
cxd5 exd5 16. Rad1 Rf7 17. Ne2 Rc8 18. Nc3 Ndf6 19. Qe2 Rd8 20. Qc2 Nxc3 21.
bxc3 Ne4 22. c4 Rdf8 23. cxd5 Bxd5 24. Bb5 Rd8 25. Rxd5 Rxd5 26. Bc4 Nf6 27.
Bxd5 Nxd5 28. Rd1 Nb4 29. Qb3 Kg7 30. a3 Nc6 31. Rd5 Qf6 32. h3 g5 33. Qd1 Ne7
34. Rd6 Qc3 35. Nxg5 Rf6 36. Rd7 Qe5 37. Nf3 Qe6 38. Qa4 Kh6 39. Qxa7 Rf7 40.
Qc7 Qe4 41. Qg3 Rg7 42. Qh4+ Qxh4 43. Nxh4 Kg5 44. Nf3+ Kf6 45. Rd6+ 1-0

[Event "FRA T II 20102011"]
[Site "FRA"]
[Date "2010.10.17"]
[Round "1.8"]
[White "Vinckier, Delphine"]
[Black "Lebret, Loriane"]
[Result "1/2-1/2"]
[WhiteElo "1833"]
[BlackElo "1622"]
[PlyCount "83"]
[EventDate "2010.11.13"]
[EventType "team-match"]
[EventRounds "9"]
[EventCountry "FRA"]
[Source "FFE"]
[SourceDate "2010.10.29"]

1. e4 e5 2. Nf3 Nf6 3. Nxe5 d6 4. Nf3 Nxe4 5. Nc3 Nxc3 6. dxc3 Be7 7. Bf4 O-O
8. Qd2 Be6 9. Bd3 Qd7 10. O-O Nc6 11. Rfe1 Bf6 12. Re3 Bf5 13. Rae1 Bxd3 14.
Qxd3 Ne7 15. Bg5 Bxg5 16. Nxg5 Ng6 17. h4 Qg4 18. Re4 Qh5 19. Qh3 h6 20. Nf3
Qb5 21. h5 Ne5 22. Nxe5 dxe5 23. Rb4 Qd5 24. Qf5 Rfe8 25. f4 Qd2 26. Rxe5 Rxe5
27. fxe5 Qe1+ 28. Kh2 Re8 29. Re4 Qd2 30. Rd4 Qe2 31. Rd7 Qxe5+ 32. Qxe5 Rxe5
33. Rxc7 Rxh5+ 34. Kg1 Rb5 35. b3 Kh7 36. Rxf7 h5 37. c4 Rb6 38. Rd7 Kg6 39. a4
Kf6 40. Kf2 g5 41. a5 Ra6 42. b4 1/2-1/2

[Event "FRA T II 20102011"]
[Site "FRA"]
[Date "2010.10.17"]
[Round "1.6"]
[White "Titli, Vincent Christian"]
[Black "Lievre, Vincent"]
[Result "1/2-1/2"]
[WhiteElo "2137"]
[BlackElo "1993"]
[PlyCount "82"]
[EventDate "2010.11.13"]
[EventType "team-match"]
[EventRounds "9"]
[EventCountry "FRA"]
[Source "FFE"]
[SourceDate "2010.10.29"]

1. Nc3 e5 2. e4 Nc6 3. f4 exf4 4. Nf3 g5 5. h3 Bg7 6. d4 h6 7. Bc4 d6 8. O-O
Nge7 9. a3 Ng6 10. b4 Be6 11. Nd5 Nce7 12. Nxe7 Bxc4 13. Nxg6 fxg6 14. Re1 O-O
15. Bb2 c5 16. c3 Qc7 17. Qd2 Rfe8 18. Kh1 Re7 19. Qf2 Rae8 20. Nd2 Bd3 21.
bxc5 Bxe4 22. cxd6 Qxd6 23. a4 Bc6 24. Rxe7 Qxe7 25. Nf3 Qe2 26. Kg1 Re3 27.
Qxe2 Rxe2 28. Ba3 Bxf3 29. gxf3 Bf8 30. Bxf8 Kxf8 31. Rb1 Ra2 32. Rxb7 Rxa4 33.
Kf2 Rc4 34. Rb3 Ke7 35. Ke2 Ke6 36. Ra3 Rc7 37. Kd3 h5 38. c4 Kf5 39. Ra5+ Kf6
40. Ra6+ Kf5 41. Ra5+ Kf6 1/2-1/2

[Event "FRA T II 20102011"]
[Site "FRA"]
[Date "2010.10.17"]
[Round "1.3"]
[White "Jactel, Nicolas"]
[Black "Sanchis, Antoine"]
[Result "1/2-1/2"]
[WhiteElo "2103"]
[BlackElo "2244"]
[PlyCount "82"]
[EventDate "2010.11.13"]
[EventType "team-match"]
[EventRounds "9"]
[EventCountry "FRA"]
[Source "FFE"]
[SourceDate "2010.10.29"]

1. e4 e6 2. Nc3 d5 3. d4 Bb4 4. e5 c5 5. Bd2 Ne7 6. dxc5 Bxc5 7. Qg4 O-O 8. Nf3
Nbc6 9. Bd3 Ng6 10. Qh5 Nb4 11. O-O Nxd3 12. cxd3 f6 13. d4 Be7 14. Rfe1 fxe5
15. Nxe5 Rf5 16. Qg4 Nxe5 17. Rxe5 Rxe5 18. dxe5 Bd7 19. Ne2 Rc8 20. Bc3 Rc4
21. Qg3 b5 22. a3 a5 23. Qe3 Qc7 24. Rc1 b4 25. axb4 axb4 26. Bd4 Rxc1+ 27.
Qxc1 Qxc1+ 28. Nxc1 Bb5 29. Nb3 Bc4 30. Nc5 Kf7 31. f3 b3 32. Kf2 Bxc5 33. Bxc5
Kg6 34. Ke3 Kf5 35. Bd4 h5 36. g3 Bf1 37. h4 g5 38. hxg5 Kxg5 39. Bc3 Kf5 40.
Bd4 Bg2 41. Bc3 Kg5 1/2-1/2

[Event "FRA T II 20102011"]
[Site "FRA"]
[Date "2010.10.17"]
[Round "1.3"]
[White "Champault, Pierre Emmanuel"]
[Black "Blazquez, Denis"]
[Result "0-1"]
[WhiteElo "2206"]
[BlackElo "2170"]
[PlyCount "82"]
[EventDate "2010.11.13"]
[EventType "team-match"]
[EventRounds "9"]
[EventCountry "FRA"]
[Source "FFE"]
[SourceDate "2010.10.29"]

1. d4 Nf6 2. Nf3 e6 3. c4 Nc6 4. a3 g6 5. Nc3 Bg7 6. e4 d6 7. d5 Nb8 8. Be2 O-O
9. O-O a5 10. dxe6 Bxe6 11. Qc2 Nc6 12. Rd1 Nd7 13. Be3 b6 14. Nb5 Nc5 15. Nfd4
Bd7 16. f3 a4 17. Nxc6 Bxc6 18. Nd4 Bxd4 19. Bxd4 Nb3 20. Rab1 Nxd4 21. Rxd4
Qg5 22. Qd2 Qxd2 23. Rxd2 f5 24. exf5 Rxf5 25. Re1 Re8 26. Kf2 Rfe5 27. Rdd1
Kf7 28. Bd3 Kf6 29. Rxe5 Rxe5 30. f4 Re7 31. g3 Be4 32. Bf1 g5 33. fxg5+ Kxg5
34. Rd2 Bg6 35. Re2 Rf7+ 36. Kg2 Rxf1 37. Kxf1 Bd3 38. h3 Bxc4 39. Kf2 Bxe2 40.
Kxe2 Kf5 41. Kd3 b5 0-1

[Event "FRA T II 20102011"]
[Site "FRA"]
[Date "2010.10.17"]
[Round "1.4"]
[White "Vignier, Pascal"]
[Black "Girard, Eric"]
[Result "0-1"]
[WhiteElo "2023"]
[BlackElo "2182"]
[PlyCount "80"]
[EventDate "2010.11.13"]
[EventType "team-match"]
[EventRounds "9"]
[EventCountry "FRA"]
[Source "FFE"]
[SourceDate "2010.10.29"]

1. e4 e6 2. d4 d5 3. Nd2 Nf6 4. e5 Nfd7 5. f4 c5 6. Ngf3 Nc6 7. c3 Qb6 8. Nb3
a5 9. a4 Be7 10. Bb5 O-O 11. O-O f6 12. Kh1 cxd4 13. Nfxd4 Nxd4 14. Nxd4 fxe5
15. Bxd7 exd4 16. Bb5 dxc3 17. bxc3 Bf6 18. Qf3 Qc7 19. Ba3 Rd8 20. Rfc1 Bd7
21. Rab1 Rac8 22. f5 Qe5 23. fxe6 Qxe6 24. Bd3 Rc7 25. Bb5 Bxb5 26. axb5 Re8
27. h3 h6 28. Qg3 Rc4 29. Bb2 Bh4 30. Qd3 Qe4 31. Rd1 Re5 32. Ba3 Rg5 33. Rb2
Be1 34. Rc2 Rxc3 35. Qxe4 dxe4 36. Ra2 Bg3 37. b6 e3 38. Bc1 Rgc5 39. Ba3 Rxa3
40. Rxa3 e2 0-1

[Event "FRA T II 20102011"]
[Site "FRA"]
[Date "2010.10.17"]
[Round "1.5"]
[White "Rouze, Xavier"]
[Black "Guidez, Thomas"]
[Result "1-0"]
[WhiteElo "2055"]
[BlackElo "1968"]
[PlyCount "77"]
[EventDate "2010.11.13"]
[EventType "team-match"]
[EventRounds "9"]
[EventCountry "FRA"]
[Source "FFE"]
[SourceDate "2010.10.29"]

1. d4 Nf6 2. Nf3 g6 3. Nc3 Bg7 4. e4 d6 5. Be3 O-O 6. Qd2 Ng4 7. Bg5 f6 8. Bh4
c6 9. h3 Nh6 10. Bd3 b5 11. O-O a6 12. Rad1 Nd7 13. e5 Kh8 14. Ne4 dxe5 15.
dxe5 Qb6 16. exf6 exf6 17. Nd6 Ne5 18. Nxe5 fxe5 19. Be2 Rg8 20. Bg5 Bxh3 21.
Bxh6 Be6 22. Bxg7+ Kxg7 23. Qg5 Qd8 24. Qxe5+ Qf6 25. Qxf6+ Kxf6 26. Ne4+ Kg7
27. Rfe1 Ra7 28. Nc5 Bf7 29. Bg4 Rc8 30. Bf3 a5 31. Rd6 Rac7 32. Ne6+ Bxe6 33.
Rexe6 c5 34. Rc6 c4 35. Rxc7+ Rxc7 36. Re5 b4 37. Rxa5 b3 38. axb3 cxb3 39. c3
1-0

[Event "FRA T II 20102011"]
[Site "FRA"]
[Date "2010.10.17"]
[Round "1.8"]
[White "Bolon, Karelle"]
[Black "Perrusset, Barbara"]
[Result "1-0"]
[WhiteElo "2117"]
[BlackElo "1846"]
[PlyCount "77"]
[EventDate "2010.11.13"]
[EventType "team-match"]
[EventRounds "9"]
[EventCountry "FRA"]
[Source "FFE"]
[SourceDate "2010.10.29"]

1. d4 Nf6 2. Bf4 d6 3. c3 g6 4. Nf3 Bg7 5. h3 O-O 6. e3 Nbd7 7. Be2 c5 8. Nbd2
a6 9. a4 b6 10. O-O Rb8 11. Bh2 b5 12. axb5 axb5 13. e4 Qb6 14. e5 Ne8 15. Ne4
cxd4 16. cxd4 Bb7 17. Nc3 Bxf3 18. Bxf3 dxe5 19. dxe5 Nxe5 20. Nd5 Qd8 21. Ra7
Nxf3+ 22. Qxf3 e5 23. Rd1 Qg5 24. Ne7+ Kh8 25. Nc6 Rc8 26. Rxf7 Nf6 27. Nxe5
Kg8 28. Rxf8+ Rxf8 29. Qb3+ Kh8 30. Nf7+ Rxf7 31. Qxf7 h5 32. Qb3 Ne4 33. Qf3
Nc5 34. Qd5 Qxd5 35. Rxd5 Na4 36. Rxb5 Nxb2 37. Rb8+ Kh7 38. Rb7 Kg8 39. Rxg7+
1-0

[Event "FRA T II 20102011"]
[Site "FRA"]
[Date "2010.10.17"]
[Round "1.4"]
[White "Sochacki, Wojtek"]
[Black "Landie, Thibault"]
[Result "1-0"]
[WhiteElo "2284"]
[BlackElo "2154"]
[PlyCount "75"]
[EventDate "2010.11.13"]
[EventType "team-match"]
[EventRounds "9"]
[EventCountry "FRA"]
[Source "FFE"]
[SourceDate "2010.10.29"]

1. e4 e5 2. Nf3 Nc6 3. d4 exd4 4. Nxd4 Bc5 5. Be3 Qf6 6. Nb5 Bxe3 7. fxe3 Qh4+
8. g3 Qd8 9. Qg4 g5 10. N1c3 Ne5 11. Qe2 a6 12. Nd4 d6 13. h3 Nf6 14. O-O-O Be6
15. Bg2 c5 16. Nf5 Bxf5 17. exf5 Qc7 18. h4 g4 19. Rhf1 O-O-O 20. Rf4 h5 21.
Ra4 Kb8 22. Qf1 Ned7 23. Bxb7 Nb6 24. Bxa6 Nxa4 25. Nxa4 Qa5 26. Bb5 Kc7 27. c4
Nd7 28. Nc3 Ne5 29. Qf4 f6 30. Kb1 Rhf8 31. a4 Kb8 32. Qh6 Qc7 33. Nd5 Qf7 34.
e4 Nf3 35. Qe3 Qa7 36. Qb3 Nd4 37. Rxd4 cxd4 38. Ba6+ 1-0